📖 150 premiers mots "Pétronille" (Amélie Nothomb) - Statistiques

Statistiques générales
  • Ce quiz a Ă©tĂ© pris 14 fois
  • Le rĂ©sultat moyen est 74 sur 150
Statistiques - réponses
Mots % Correct
Ă 
100%
a
100%
Ă€
100%
c'
100%
d'
100%
j'
100%
L'
100%
l'
100%
n'
100%
par
100%
s'
100%
ai
86%
de
86%
des
86%
Elle
86%
elle
86%
en
86%
et
86%
il
86%
Je
86%
la
86%
le
86%
les
86%
mon
86%
Mon
86%
qu'
86%
qui
86%
y
86%
au
71%
avait
71%
cette
71%
dans
71%
du
71%
est
71%
ne
71%
ou
71%
pas.
71%
se
71%
un
71%
une
71%
don
57%
eu
57%
jamais
57%
Si
57%
si
57%
tout
57%
comme
43%
moins
43%
monde,
43%
part.
43%
plus
43%
pourtant
43%
Boire
29%
bois
29%
bu
29%
mène
29%
nulle
29%
années,
14%
atteindre
14%
avant
14%
but
14%
cessé
14%
chamans
14%
choses
14%
dessus.
14%
diètes
14%
espoir
14%
été
14%
exemple
14%
fortes,
14%
griserie
14%
gueule
14%
infligent
14%
ivresse
14%
parti
14%
Pendant
14%
plante
14%
pouvoirs,
14%
première
14%
pris
14%
résultat.
14%
soirées,
14%
acceptable :
0%
amazoniens
0%
art,
0%
aurait
0%
chance
0%
cruelles
0%
cuite
0%
débutant :
0%
découvrir
0%
définition,
0%
exige
0%
existence
0%
expérimental
0%
fameuse
0%
grâce
0%
gré
0%
hasard
0%
improvise
0%
inconnue
0%
mâchouiller
0%
meilleur
0%
miraculeuse,
0%
principal
0%
quĂŞte.
0%
recours
0%
relève
0%
rendu
0%
reproduira
0%
souci.
0%
soupçonner
0%
souvent
0%
technique ...
0%
tempérament
0%
tirer
0%
uniquement
0%
Aucun quiz correspondant
Distribution des résultats
% des personnes avec chaque résultat
Percentile par nombre de réponses
Votre historique - résultats
Vous n’avez pas pris ce quiz